000 00549nam a2200193 a 4500
005 20260204064123.0
008 030325s1998 mx r 000 0 spa d
020 _a9706411887
035 _aUPN01000123215
049 _aCG
050 4 _aLB1049
_bI9.8
100 1 _aIzquierdo Moreno, Ciriaco
_928924
245 1 3 _aEl reto de ser estudiante /
_cCiriaco Izquierdo Moreno.
260 _aMéxico :
_bProgreso,
_c1998.
300 _a64 p. :
_bil.
650 4 _aMétodos de estudio
_94280
650 4 _aEstudiantes
_xAspiraciones
_917017
905 _aLibro
999 _c95396
_d95396